|
|
|
|
| LEADER |
01948nam a2200517 4500 |
| 001 |
ocn863157300 |
| 003 |
OCoLC |
| 005 |
20170124071905.1 |
| 006 |
m o d |
| 007 |
cr cnu---unuuu |
| 008 |
131118s2014 enk ob 001 0 eng d |
| 040 |
|
|
|a N$T
|b eng
|e rda
|e pn
|c N$T
|d YDXCP
|d DG1
|d OCLCO
|d OCLCF
|d OCLCQ
|d OCLCO
|d DEBBG
|d GrThAP
|
| 020 |
|
|
|a 9781118413128
|q (electronic bk.)
|
| 020 |
|
|
|a 1118413121
|q (electronic bk.)
|
| 020 |
|
|
|a 9781118412541
|q (electronic bk.)
|
| 020 |
|
|
|a 1118412540
|q (electronic bk.)
|
| 020 |
|
|
|z 9781118412503
|
| 020 |
|
|
|z 1118412508
|
| 020 |
|
|
|z 9781118413111
|q (epub)
|
| 020 |
|
|
|z 9781118413135
|q (emobi)
|
| 029 |
1 |
|
|a AU@
|b 000052334835
|
| 029 |
1 |
|
|a GBVCP
|b 790210568
|
| 029 |
1 |
|
|a DEBBG
|b BV043396344
|
| 035 |
|
|
|a (OCoLC)863157300
|
| 050 |
|
4 |
|a D56
|b .T47 2014eb
|
| 072 |
|
7 |
|a HIS
|x 002000
|2 bisacsh
|
| 082 |
0 |
4 |
|a 930.072
|2 23
|
| 049 |
|
|
|a MAIN
|
| 245 |
0 |
0 |
|a Thinking, recording, and writing history in the ancient world /
|c edited by Kurt A. Raaflaub.
|
| 264 |
|
1 |
|a Chichester, West Sussex ;
|a Malden, MA :
|b John Wiley & Sons Ltd,
|c 2014.
|
| 300 |
|
|
|a 1 online resource.
|
| 336 |
|
|
|a text
|b txt
|2 rdacontent
|
| 337 |
|
|
|a computer
|b c
|2 rdamedia
|
| 338 |
|
|
|a online resource
|b cr
|2 rdacarrier
|
| 504 |
|
|
|a Includes bibliographical references and index.
|
| 588 |
0 |
|
|a Print version record.
|
| 650 |
|
0 |
|a History, Ancient
|x Historiography.
|
| 650 |
|
0 |
|a History, Ancient
|x Methodology.
|
| 650 |
|
7 |
|a HISTORY
|x Ancient
|x General.
|2 bisacsh
|
| 650 |
|
7 |
|a History, Ancient
|x Historiography.
|2 fast
|0 (OCoLC)fst00958355
|
| 650 |
|
7 |
|a History, Ancient
|x Methodology.
|2 fast
|0 (OCoLC)fst00958356
|
| 655 |
|
4 |
|a Electronic books.
|
| 700 |
1 |
|
|a Raaflaub, Kurt A.
|
| 776 |
0 |
8 |
|i Print version:
|t Thinking, recording, and writing history in the ancient world
|z 9781118412503
|w (DLC) 2013030059
|w (OCoLC)855362688
|
| 856 |
4 |
0 |
|u https://doi.org/10.1002/9781118412541
|z Full Text via HEAL-Link
|
| 994 |
|
|
|a 92
|b DG1
|